Most Beautiful States - Statistics

General Stats
  • This quiz has been taken 72 times
  • The average score is 9 of 10
Answer Stats
Example State % Correct
Grand Canyon Arizona
97%
Rockies Colorado
97%
Glacier Bay Alaska
95%
Yosemite California
95%
Everglades Florida
95%
Volcanoes Hawaii
95%
Great Lakes Michigan
90%
Crater Lake Oregon
88%
Yellowstone Montana
84%
Arches Utah
83%
No matching quizzes found
Score Distribution
Percent of People with Each Score
Percentile by Number Answered
Your Score History
You have not taken this quiz